|
|
|
|
| LEADER |
00000cam a2200000 7i4500 |
| 001 |
0000008087 |
| 002 |
000008825 |
| 005 |
.0 |
| 020 |
|
|
|a 9839255185
|
| 090 |
0 |
0 |
|a 297
|b WAN
|
| 100 |
0 |
|
|a Wan Mohd Azmin Wan Dolah
|
| 245 |
1 |
0 |
|a Hud-hud Nabi Sulaiman
|c Wan Mohd Azmin Wan Dolah ; illustrasi oleh Azmi Mad Taha
|
| 260 |
|
|
|a Kuala Lumpur :
|b Karya One ,
|c 1996
|
| 300 |
|
|
|a 24p. :
|b ill. ;
|c 29cm.
|
| 490 |
0 |
|
|a Siri 10 Binatang Syurga
|
| 650 |
0 |
0 |
|a Children's stories, Malay
|
| 700 |
1 |
|
|a Azmi Mad Taha ,
|e illustrated
|
| 999 |
|
|
|a 047327
|b BUKU
|c PINJAMAN
|e PERPUSTAKAAN KOMUNITI CAW KOTA DAMANSARA
|
| 999 |
|
|
|a 047328
|b BUKU
|c PINJAMAN
|e PERPUSTAKAAN KOMUNITI CAW KOTA DAMANSARA
|